| 000 | 00646nas a2200229 4500 | ||
|---|---|---|---|
| 001 | BR9202682 | ||
| 003 | BR-BrBNA | ||
| 005 | 20231205092529.0 | ||
| 007 | ta | ||
| 008 | 230509b bl.|||p| |||| 00| 00por d | ||
| 040 |
_aBR-BrBNA _bpor _cBiblioteca Nacional de Agricultura |
||
| 041 | _a(Pt) | ||
| 072 | _aM12 | ||
| 100 | 1 | _aNovaes, V. | |
| 245 | 1 | _aA poucos passos do cultivo racional de algas | |
| 650 | _aALGA | ||
| 650 | _aMICRORGANISMO | ||
| 650 | _aPLANTA AQUATICA | ||
| 773 | 0 |
_tManchete Rural (Brazil) _xISSN 0102-8901 _g(Aug 1991), v. 4(53) p. 66-69 _wBR9202682 |
|
| 909 |
_a202311 _bLúcia _c55 _dLúcia Elande |
||
| 942 |
_2AGRIS _n0 _cANA |
||
| 999 |
_c132385 _d132385 |
||